| 000 | 00443nam a2200205Ia 4500 | ||
|---|---|---|---|
| 008 | 210210b1952 xxu||||| |||| 00| 0 eng d | ||
| 041 | _aeng | ||
| 082 | _a520/193 | ||
| 100 | _aWOOLEY (R Van Der Riet) | ||
| 245 | _aKey to the stars Ed 2 | ||
| 250 | _a | ||
| 260 |
_aLondon _bBlackie & son _c1952 |
||
| 300 | _avi,143 | ||
| 650 | _astars | ||
| 650 | _aKey | ||
| 650 | _aEd | ||
| 650 | _a2 | ||
| 690 | _aAstronomy | ||
| 906 | _a008178 | ||
| 999 |
_c126064 _d126064 |
||